Book of Unveiling: A Study of the Revelation of st. John (Record no. 11436)

MARC details
000 -LEADER
fixed length control field 00422nam a2200169 a 4500
082 00 - DEWEY DECIMAL CLASSIFICATION NUMBER
Classification number 226.5
Author Cutter NEW
100 ## - MAIN ENTRY--AUTHOR NAME
Author name Newbolt, M R
245 ## - TITLE STATEMENT
Title Book of Unveiling: A Study of the Revelation of st. John
260 ## - PUBLICATION, DISTRIBUTION, ETC. (IMPRINT)
Place of publication London
Name of publisher Spck
Year of publication 1952
300 ## - PHYSICAL DESCRIPTION
Number of Pages 212p
500 ## - GENERAL NOTE
General note includes index and biblioraphy
505 2# - FORMATTED CONTENTS NOTE
Formatted contents note Index
650 ## - SUBJECT ADDED ENTRY--TOPICAL TERM
Topical Term Saint John-Revelation
650 ## - SUBJECT ADDED ENTRY--TOPICAL TERM
Topical Term Apocalypse
942 ## - ADDED ENTRY ELEMENTS (KOHA)
Koha item type Books
700 1# -
-- Newbolt, M R
Holdings
Home library Current library Date acquired Cost, normal purchase price Full call number Accession Number Koha item type
Henry Martyn Institute Library Henry Martyn Institute Library 06/20/2007 100.00 226.5 NEW 015947 E-Books
                   Copyright © 2026 | Henry Martyn Institute | Hyderabad | TS-500052 | INDIA | Implemented by hmi.edu.in
Hit-Count:

Powered by Koha